All Countries, Europe's Capitals, U.S. States & Capitals #1 - Statistics

General Stats
  • This quiz has been taken 74 times
  • The average score is 246 of 337
Answer Stats
Hint Answer % Correct
C Denmark
89%
C Finland
89%
C India
89%
C Russia
89%
C United Kingdom
89%
C Andorra
84%
C Bahrain
84%
C Bangladesh
84%
C Belgium
84%
C China
84%
C Democratic Republic of the Congo
84%
C Egypt
84%
C Germany
84%
C Hungary
84%
C Indonesia
84%
C Israel
84%
C Jordan
84%
C Kosovo
84%
C Luxembourg
84%
C Malaysia
84%
C Netherlands
84%
C North Korea
84%
C North Macedonia
84%
C Oman
84%
C Philippines
84%
C Poland
84%
C Republic of the Congo
84%
C San Marino
84%
C Slovakia
84%
C Slovenia
84%
C South Korea
84%
C Sweden
84%
C Switzerland
84%
C Taiwan
84%
C Thailand
84%
C United States
84%
C Vatican City
84%
C Yemen
84%
C Albania
79%
C Algeria
79%
C Austria
79%
C Belarus
79%
C Benin
79%
C Bhutan
79%
C Bolivia
79%
C Bosnia and Herzegovina
79%
C Brunei
79%
C Bulgaria
79%
C Burundi
79%
S California
79%
C Central African Republic
79%
C Chad
79%
C Colombia
79%
SC Columbia
79%
C Croatia
79%
C Cyprus
79%
C Czechia
79%
C Djibouti
79%
C East Timor
79%
C Eritrea
79%
C Eswatini
79%
C Ethiopia
79%
S Florida
79%
C France
79%
C Honduras
79%
S Illinois
79%
S Indiana
79%
C Iran
79%
C Iraq
79%
C Ireland
79%
C Japan
79%
C Kazakhstan
79%
C Kuwait
79%
C Laos
79%
C Latvia
79%
C Lebanon
79%
C Libya
79%
C Liechtenstein
79%
C Lithuania
79%
CC London
79%
C Madagascar
79%
C Maldives
79%
C Malta
79%
C Mongolia
79%
C Montenegro
79%
C Nepal
79%
S New Jersey
79%
S New Mexico
79%
C Norway
79%
C Pakistan
79%
CC Paris
79%
C Portugal
79%
C Qatar
79%
C Romania
79%
CC Rome
79%
C Saudi Arabia
79%
S South Carolina
79%
C South Sudan
79%
C Spain
79%
C Sri Lanka
79%
C Tajikistan
79%
S Texas
79%
C Togo
79%
C Turkmenistan
79%
C United Arab Emirates
79%
C Uzbekistan
79%
C Venezuela
79%
CC Vienna
79%
C Vietnam
79%
C Afghanistan
74%
S Alaska
74%
CC Amsterdam
74%
C Angola
74%
C Antigua and Barbuda
74%
C Argentina
74%
S Arizona
74%
S Arkansas
74%
C Armenia
74%
C Australia
74%
C Azerbaijan
74%
C Bahamas
74%
CC Berlin
74%
C Botswana
74%
C Brazil
74%
CC Brussels
74%
C Burkina Faso
74%
C Cambodia
74%
C Cameroon
74%
C Chile
74%
S Colorado
74%
C Comoros
74%
S Connecticut
74%
C Costa Rica
74%
C Cuba
74%
C Dominica
74%
C Dominican Republic
74%
CC Dublin
74%
C Ecuador
74%
C El Salvador
74%
C Estonia
74%
C Federated States of Micronesia
74%
C Fiji
74%
C Gambia
74%
C | S Georgia
74%
C Ghana
74%
C Greece
74%
C Grenada
74%
C Guatemala
74%
C Guyana
74%
C Haiti
74%
S Hawaii
74%
CC Helsinki
74%
C Iceland
74%
S Idaho
74%
S Iowa
74%
C Italy
74%
C Jamaica
74%
S Kansas
74%
S Kentucky
74%
C Kenya
74%
C Kiribati
74%
C Lesotho
74%
CC Lisbon
74%
S Maine
74%
C Malawi
74%
C Mali
74%
C Marshall Islands
74%
S Maryland
74%
S Massachusetts
74%
C Mauritania
74%
C Mauritius
74%
CC Minsk
74%
S Mississippi
74%
S Missouri
74%
C Morocco
74%
CC Moscow
74%
C Mozambique
74%
C Namibia
74%
C Nauru
74%
S Nebraska
74%
S Nevada
74%
S New Hampshire
74%
S New York
74%
C Nicaragua
74%
C Niger
74%
C Nigeria
74%
S North Carolina
74%
S North Dakota
74%
S Ohio
74%
S Oklahoma
74%
S Oregon
74%
CC Oslo
74%
C Panama
74%
C Paraguay
74%
C Peru
74%
C Rwanda
74%
C Saint Lucia
74%
C Saint Vincent and the Grenadines
74%
C São Tomé and Príncipe
74%
C Senegal
74%
C Serbia
74%
C Singapore
74%
C Somalia
74%
S South Dakota
74%
CC Stockholm
74%
C Sudan
74%
C Suriname
74%
C Tanzania
74%
S Tennessee
74%
CC Tirana
74%
C Tunisia
74%
C Turkey
74%
C Tuvalu
74%
C Uganda
74%
C Ukraine
74%
C Uruguay
74%
S Utah
74%
S Vermont
74%
CC Warsaw
74%
S Washington
74%
S West Virginia
74%
S Wyoming
74%
C Zambia
74%
C Zimbabwe
74%
S Alabama
68%
CC Athens
68%
C Barbados
68%
CC Belgrade
68%
C Belize
68%
CC Bern
68%
CC Bratislava
68%
CC Bucharest
68%
CC Budapest
68%
C Canada
68%
C Cape Verde
68%
CC Chisinau
68%
CC Copenhagen
68%
S Delaware
68%
C Equatorial Guinea
68%
C Gabon
68%
C Guinea
68%
C Ivory Coast
68%
C Kyrgyzstan
68%
C Liberia
68%
S Louisiana
68%
CC Madrid
68%
C Mexico
68%
S Michigan
68%
S Minnesota
68%
S Moldova
68%
C Monaco
68%
S Montana
68%
C Myanmar
68%
C New Zealand
68%
C Palau
68%
S Pennsylvania
68%
CC Prague
68%
CC Reykjavik
68%
S Rhode Island
68%
CC Riga
68%
C Saint Kitts and Nevis
68%
C Samoa
68%
CC Sarajevo
68%
C Seychelles
68%
C Sierra Leone
68%
CC Skopje
68%
CC Sofia
68%
C Solomon Islands
68%
C South Africa
68%
C Syria
68%
CC Tallinn
68%
C Tonga
68%
C Trinidad and Tobago
68%
CC Vaduz
68%
CC Valletta
68%
C Vanuatu
68%
S Virginia
68%
S Wisconsin
68%
CC Zagreb
68%
SC Albany
63%
CC Andorra La Vella
63%
SC Annapolis
63%
SC Atlanta
63%
SC Augusta
63%
SC Austin
63%
SC Baton Rouge
63%
SC Carson City
63%
SC Columbus
63%
SC Denver
63%
SC Des Moines
63%
SC Frankfort
63%
C Guinea-Bissau
63%
SC Harrisburg
63%
SC Indianapolis
63%
SC Jackson
63%
CC Kiev
63%
SC Little Rock
63%
CC Ljubljana
63%
SC Madison
63%
SC Montgomery
63%
SC Montpelier
63%
SC Nashville
63%
SC Oklahoma City
63%
C Papua New Guinea
63%
SC Pierre
63%
CC Podgorica
63%
CC Pristina
63%
SC Sacramento
63%
SC Salem
63%
SC Salt Lake City
63%
SC Springfield
63%
CC Vilnius
63%
SC Bismarck
58%
SC Boise
58%
SC Boston
58%
SC Charleston
58%
SC Cheyenne
58%
SC Concord
58%
SC Dover
58%
SC Helena
58%
SC Jefferson City
58%
SC Juneau
58%
SC Lansing
58%
SC Olympia
58%
SC Phoenix
58%
SC Raleigh
58%
SC Richmond
58%
SC Santa Fe
58%
SC Tallahassee
58%
SC Topeka
58%
SC Trenton
58%
SC Hartford
53%
SC Honolulu
53%
SC Lincoln
53%
SC Providence
53%
SC Saint Paul
53%
No matching quizzes found
Score Distribution
Percent of People with Each Score
Percentile by Number Answered
Your Score History
You have not taken this quiz